Normal view MARC view

Entry Corporate Name

Number of records used in: 24

001 - CONTROL NUMBER

  • control field: 5770

003 - CONTROL NUMBER IDENTIFIER

  • control field: OSt

005 - DATE AND TIME OF LATEST TRANSACTION

  • control field: 20120106130649.0

008 - FIXED-LENGTH DATA ELEMENTS

  • fixed length control field: 120106|||a|||||| | ||| d

040 ## - CATALOGING SOURCE

  • Original cataloging agency: OSt
  • Transcribing agency: OSt

110 ## - HEADING--CORPORATE NAME

  • Corporate name or jurisdiction name as entry element: Kenya Literature Bureau.

670 ## - SOURCE DATA FOUND

  • Source citation: Work cat.: (OSt)0: East African law journal Vol. 1, 1965 /, [1965]-